[Event "Dutch Open 2014"]
[Site "Dieren NED"]
[Date "2014.07.25"]
[Round "4.6"]
[White "Das, Arghyadip"]
[Black "Kolbus, Dietmar"]
[Result "1-0"]
[WhiteTitle "IM"]
[BlackTitle "IM"]
[WhiteElo "2439"]
[BlackElo "2303"]
[WhiteFideId "5003610"]
[BlackFideId "4610628"]
[EventDate "2014.07.22"]

1. e4 Nf6 2. e5 Nd5 3. c4 Nb6 4. d4 d6 5. exd6 exd6 6. Nc3 Nc6 7. Be3 Be7 8. Nf3
Bg4 9. h3 Bh5 10. g4 Bg6 11. d5 Nb4 12. Rc1 c5 13. a3 Na6 14. Bd3 Bf6 15. h4 Qd7
16. Rg1 Bxc3+ 17. Rxc3 Bxd3 18. Qxd3 O-O-O 19. b3 Kb8 20. Rc1 Rde8 21. Kd2 Nc8
22. Rb1 f6 23. h5 Qf7 24. Nh4 Reg8 25. Nf5 Rd8 26. h6 g6 27. Ng7 Nb6 28. Bf4 Nc7
29. Rbe1 Ne8 30. Ne6 Rc8 31. Qg3 Qd7 32. Qc3 Rg8 33. Re2 Qf7 34. Qg3 Qd7 35. Ng7
g5 36. Rxe8 Rgxe8 37. Bxd6+ Ka8 38. Nxe8 Rxe8 39. Re1 Rxe1 40. Kxe1 Qe8+ 41. Qe3
Qxe3+ 42. fxe3 Nd7 43. Ke2 b6 44. Kf3 Kb7 45. Ke4 Kc8 46. Kf5 Kd8 47. Ke6 Ke8
48. e4 a6 49. a4 1-0

[Event "Dutch Open 2014"]
[Site "Dieren NED"]
[Date "2014.07.25"]
[Round "4.7"]
[White "Zwirs, Nico"]
[Black "Stany, G.A."]
[Result "1/2-1/2"]
[BlackTitle "IM"]
[WhiteElo "2284"]
[BlackElo "2399"]
[WhiteFideId "1036432"]
[BlackFideId "5029104"]
[EventDate "2014.07.22"]

1. e4 g6 2. d4 Bg7 3. Nf3 d6 4. Bd3 Nd7 5. O-O e5 6. c3 Ngf6 7. Re1 O-O 8. a4
Re8 9. a5 d5 10. dxe5 dxe4 11. exf6 Nxf6 12. Be2 Qxd1 13. Bxd1 exf3 14. Rxe8+
Nxe8 15. Bxf3 a6 16. Bf4 c6 17. Nd2 Be6 18. Ne4 Rd8 19. Nc5 Bc8 20. Re1 Bf8 21.
Ne4 f6 22. h4 Kf7 23. Be3 Be6 24. Bd4 Be7 25. h5 Ng7 26. hxg6+ hxg6 27. Bb6 Rd7
28. Nc5 Bxc5 29. Bxc5 Nf5 30. Be4 Ng7 31. Bd4 Bf5 32. Bf3 Ne6 33. Be3 Ng7 34.
Bd4 Be6 35. Bc5 Bb3 36. Be3 Nf5 37. Bg4 Rd5 38. Bxf5 Rxf5 39. Bb6 Rd5 40. Re2 g5
41. f3 f5 42. g3 Bd1 43. Rf2 Kg6 44. Kf1 Rd7 45. Ke1 Bb3 46. Rd2 Re7+ 47. Re2
Rh7 48. f4 Rh1+ 49. Kd2 Rd1+ 50. Ke3 g4 51. Rd2 Rf1 52. Kd4 Kf6 53. Kc5 Ke6 54.
Bd8 Rd1 55. Rxd1 Bxd1 56. Kb6 Kd7 57. Kxb7 Kxd8 58. Kxc6 Kc8 59. b4 Be2 60. Kc5
Kc7 61. c4 Bf1 62. b5 axb5 63. cxb5 Kb7 64. Kb4 Kc7 65. Kc5 Be2 66. a6 Bf1 67.
b6+ Kb8 68. a7+ Kb7 69. Kd4 Bg2 70. Ke5 Be4 71. Ke6 Bb1 72. Ke5 Bd3 73. Ke6 Be4
74. Ke5 Kxb6 75. a8=Q Bxa8 76. Kxf5 Bf3 77. Ke6 Kc7 78. f5 Kd8 79. f6 Ke8 80.
f7+ Kf8 81. Kf6 Bd5 82. Kf5 Bf3 83. Kf6 Bb7 84. Kf5 Bc8+ 85. Kf6 Bd7 86. Kg6 Be6
87. Kf6 Bxf7 88. Kf5 Kg7 89. Kxg4 1/2-1/2

[Event "Dutch Open 2014"]
[Site "Dieren NED"]
[Date "2014.07.25"]
[Round "4.8"]
[White "Pijpers, Arthur"]
[Black "Beerdsen, Thomas"]
[Result "0-1"]
[WhiteElo "2371"]
[BlackElo "2260"]
[WhiteFideId "1019554"]
[BlackFideId "1030108"]
[EventDate "2014.07.22"]

1. e4 c5 2. b4 b6 3. bxc5 bxc5 4. Nc3 g6 5. Rb1 Bg7 6. g3 Nc6 7. Bg2 Ba6 8. Nge2
Rb8 9. Bb2 Nd4 10. Ba1 e6 11. d3 Ne7 12. O-O Nec6 13. Nxd4 Nxd4 14. Qd2 O-O 15.
Rxb8 Qxb8 16. Rb1 Qc7 17. Nd1 Rb8 18. Rxb8+ Qxb8 19. Bb2 Qb5 20. c3 Nc6 21. c4
Qb4 22. Qxb4 Nxb4 23. Bxg7 Kxg7 24. Nb2 Nxa2 25. e5 Nb4 26. f4 f6 27. g4 g5 28.
Be4 gxf4 29. exf6+ Kxf6 30. Bxh7 Kg5 31. h3 Bb7 32. Na4 d6 33. Nc3 Bc6 34. Bg8
a5 35. Bxe6 a4 36. Bd5 Bxd5 37. cxd5 a3 38. Kf2 a2 39. Nxa2 Nxa2 40. Kf3 Nb4 41.
Ke4 Nc2 42. Kf3 Nd4+ 43. Ke4 f3 44. Ke3 Kh4 45. Kf2 Kxh3 46. g5 Kg4 47. g6 Nf5 0-1

[Event "Dutch Open 2014"]
[Site "Dieren NED"]
[Date "2014.07.25"]
[Round "4.9"]
[White "Wiersma, Eelke"]
[Black "Vogel, Jaap"]
[Result "1-0"]
[WhiteTitle "IM"]
[BlackTitle "FM"]
[WhiteElo "2354"]
[BlackElo "2209"]
[WhiteFideId "1002864"]
[BlackFideId "1000764"]
[EventDate "2014.07.22"]

1. d4 e6 2. c4 f5 3. g3 Nf6 4. Bg2 c6 5. Nf3 d5 6. O-O Bd6 7. Nc3 O-O 8. Qc2 Qe7
9. Bg5 h6 10. Be3 Bd7 11. Qb3 Be8 12. c5 Bxc5 13. dxc5 e5 14. Nxe5 1-0

[Event "Dutch Open 2014"]
[Site "Dieren NED"]
[Date "2014.07.25"]
[Round "4.10"]
[White "De Jong, Migchiel"]
[Black "Kazarian, Anna-Maja"]
[Result "0-1"]
[WhiteTitle "IM"]
[BlackTitle "WFM"]
[WhiteElo "2345"]
[BlackElo "2025"]
[WhiteFideId "1002848"]
[BlackFideId "1033689"]
[EventDate "2014.07.22"]

1. e4 e6 2. d4 d5 3. Nc3 Nf6 4. Bg5 dxe4 5. Nxe4 Nbd7 6. Nf3 h6 7. Nxf6+ Nxf6 8.
Be3 Nd5 9. Bd2 c5 10. Bb5+ Bd7 11. Bxd7+ Qxd7 12. c4 Nb6 13. Rc1 Rc8 14. dxc5
Bxc5 15. O-O O-O 16. b4 Be7 17. Qb3 Rfd8 18. c5 Nd5 19. Ne5 Qc7 20. Rfe1 a5 21.
a3 Nxb4 22. Nxf7 Rxd2 23. Nxh6+ Kh7 24. Qxe6 Qf4 25. Ng4 Bxc5 26. Rxc5 Rxc5 27.
h3 Nd3 28. Rf1 Nxf2 29. Qe1 Nxh3+ 30. gxh3 Qd4+ 31. Nf2 Re5 32. Qb1+ Kh8 33. Qg6
Qe3 34. h4 Re6 35. Qg4 Rf6 0-1

[Event "Dutch Open 2014"]
[Site "Dieren NED"]
[Date "2014.07.25"]
[Round "4.11"]
[White "Von Meijenfeldt, Bart"]
[Black "Buckels, Valentin"]
[Result "1-0"]
[WhiteElo "2331"]
[BlackElo "2100"]
[WhiteFideId "1032259"]
[BlackFideId "12942766"]
[EventDate "2014.07.22"]

1. e4 e5 2. Nf3 Nc6 3. Bb5 a6 4. Ba4 Nf6 5. O-O Be7 6. Qe2 b5 7. Bb3 O-O 8. c3
d5 9. d3 Bb7 10. Nbd2 Re8 11. Re1 Qd7 12. a3 Rad8 13. exd5 Nxd5 14. Ne4 h6 15.
Bc2 Kh8 16. d4 exd4 17. Qd3 Qf5 18. cxd4 Bf8 19. Nh4 Qh5 20. Bd2 Qxh4 21. Nd6
Rxe1+ 22. Rxe1 Nf6 23. Nxf7+ Kg8 24. Qg6 Ng4 25. Nxh6+ Nxh6 26. Qh7+ Kf7 27.
Bb3+ 1-0

[Event "Dutch Open 2014"]
[Site "Dieren NED"]
[Date "2014.07.25"]
[Round "4.12"]
[White "Sowray, Peter J"]
[Black "Losekoot, Pascal"]
[Result "1-0"]
[WhiteTitle "FM"]
[WhiteElo "2325"]
[BlackElo "2114"]
[WhiteFideId "400971"]
[BlackFideId "1012410"]
[EventDate "2014.07.22"]

1. d4 Nf6 2. c4 e6 3. Nc3 Bb4 4. e3 O-O 5. Ne2 d5 6. a3 Be7 7. cxd5 exd5 8. Nf4
c6 9. Bd3 Na6 10. O-O Nc7 11. Qb3 Bd6 12. Bd2 g5 13. Nfe2 Bxh2+ 14. Kxh2 Ng4+
15. Kg3 h5 16. f4 h4+ 17. Kf3 Qf6 18. Rh1 Qh8 19. Qc2 Qh5 20. f5 Re8 21. Ng3
Nh2+ 22. Kf2 hxg3+ 23. Kg1 f6 24. Ne2 Qg4 25. Nxg3 Nf3+ 26. Kf2 Nxd4 27. exd4
Qxd4+ 28. Kf1 Nb5 29. a4 Nd6 30. Qc3 c5 31. Qxd4 cxd4 32. Rc1 Bd7 33. Rc7 Rad8
34. Bb4 Ne4 35. Nxe4 dxe4 36. Bc4+ Kg7 37. Be6 a5 38. Bxd7 1-0

[Event "Dutch Open 2014"]
[Site "Dieren NED"]
[Date "2014.07.25"]
[Round "4.13"]
[White "Beukema, Stefan"]
[Black "Kollen, Zyon"]
[Result "1-0"]
[WhiteTitle "FM"]
[WhiteElo "2305"]
[BlackElo "2196"]
[WhiteFideId "1024523"]
[BlackFideId "1024256"]
[EventDate "2014.07.22"]

1. e4 e6 2. d4 d5 3. Nc3 Bb4 4. e5 c5 5. a3 Bxc3+ 6. bxc3 Qa5 7. Bd2 Qa4 8. Qg4
Kf8 9. Qd1 b6 10. h4 Ba6 11. Bxa6 Nxa6 12. h5 h6 13. Rh4 Rc8 14. Rf4 cxd4 15.
Qf3 Qe8 16. cxd4 Rxc2 17. Bc3 Ne7 18. a4 Qc6 19. Rxf7+ Ke8 20. Bd2 Qc4 21. Rxg7
Rf8 22. Qa3 Nf5 23. Rxa7 Qxd4 24. Nf3 Qe4+ 25. Kd1 Nc5 26. Ra8+ Ke7 27. Rxf8
Kxf8 28. a5 b5 29. a6 Kf7 30. a7 Na4 31. a8=Q Nb2+ 32. Qxb2 Rxb2 33. Ra7+ Ne7
34. Rxe7+ Kxe7 35. Qa3+ 1-0

[Event "Dutch Open 2014"]
[Site "Dieren NED"]
[Date "2014.07.25"]
[Round "4.14"]
[White "Lecomte, Robin"]
[Black "Chalmeta Ugas, Ramon"]
[Result "1-0"]
[BlackTitle "FM"]
[WhiteElo "2056"]
[BlackElo "2292"]
[WhiteFideId "1037170"]
[BlackFideId "2256339"]
[EventDate "2014.07.22"]

1. e4 c5 2. Nf3 d6 3. d4 cxd4 4. Nxd4 Nf6 5. Nc3 g6 6. Be3 Bg7 7. f3 O-O 8. Qd2
Nc6 9. g4 Be6 10. Nxe6 fxe6 11. O-O-O Ne5 12. Be2 Rc8 13. h4 Nfd7 14. f4 Nc4 15.
Bxc4 Rxc4 16. e5 Qa5 17. h5 Rfc8 18. hxg6 hxg6 19. Qh2 Nf8 20. Bd4 Kf7 21. Qf2
b5 22. f5 gxf5 23. gxf5 dxe5 24. fxe6+ Kxe6 25. Qg2 b4 26. Qxg7 Rxd4 27. Rxd4
exd4 28. Qg4+ Kd6 29. Qxc8 bxc3 30. Rh6+ 1-0

[Event "Dutch Open 2014"]
[Site "Dieren NED"]
[Date "2014.07.25"]
[Round "4.15"]
[White "Go, Benjamin"]
[Black "Offringa, Joost"]
[Result "1/2-1/2"]
[WhiteElo "2133"]
[BlackElo "2241"]
[WhiteFideId "1014560"]
[BlackFideId "1025880"]
[EventDate "2014.07.22"]

1. e4 d6 2. d4 Nf6 3. Nc3 g6 4. Be3 a6 5. Be2 Bg7 6. a4 O-O 7. Nf3 b6 8. O-O Bb7
9. Nd2 Nbd7 10. f4 e5 11. fxe5 dxe5 12. d5 Ne8 13. Nc4 Nd6 14. Qd3 h6 15. Bg4
Nxc4 16. Qxc4 Nf6 17. Bf3 Ne8 18. g4 Nd6 19. Qd3 Qe7 20. Bg2 Rae8 21. Rae1 Kh7
22. b3 Bc8 23. h3 Bf6 24. Qd2 Bg5 25. Bxg5 hxg5 26. Qd3 Kg7 27. Qg3 f5 28. gxf5
gxf5 29. h4 f4 30. Qxg5+ Qxg5 31. hxg5 Rh8 32. Bf3 Rh3 33. Kg2 Reh8 34. Rh1 Rg3+
35. Kf2 Rxh1 36. Rxh1 Rxg5 37. Rh5 Rxh5 38. Bxh5 Kf6 39. Bf3 Ke7 40. Be2 Ne8 41.
Bd3 Nf6 42. Nd1 Kd6 43. c3 c6 44. dxc6 Kxc6 45. Nb2 Be6 46. b4 Bf7 47. Kf3 Bh5+
48. Kf2 1/2-1/2

[Event "Dutch Open 2014"]
[Site "Dieren NED"]
[Date "2014.07.25"]
[Round "4.16"]
[White "Maatman, Nick"]
[Black "Halfhide, Sebastian"]
[Result "1/2-1/2"]
[WhiteElo "2211"]
[BlackElo "1979"]
[WhiteFideId "1040391"]
[BlackFideId "1045946"]
[EventDate "2014.07.22"]

1. e4 e5 2. Nf3 Nc6 3. Bb5 a6 4. Ba4 Nf6 5. O-O Be7 6. Re1 b5 7. Bb3 O-O 8. c3
d6 9. h3 Na5 10. Bc2 c5 11. d4 Qc7 12. d5 Nd7 13. Nbd2 Nb6 14. b3 g6 15. Nf1 Bf6
16. Bd2 Nb7 17. Qe2 c4 18. b4 a5 19. a3 Bd7 20. Ne3 Bg7 21. g4 Nc8 22. bxa5 Rxa5
23. a4 Nb6 24. axb5 Rxa1 25. Rxa1 Bxb5 26. Rb1 Ba6 27. Rb4 Nc5 28. Qf1 Nd3 29.
Bxd3 cxd3 30. Qb1 Nd7 31. Nd1 f5 32. gxf5 gxf5 33. exf5 Rxf5 34. Ng5 Nc5 35. Ne6
Nxe6 36. dxe6 Qe7 37. Ra4 1/2-1/2

[Event "Dutch Open 2014"]
[Site "Dieren NED"]
[Date "2014.07.25"]
[Round "4.17"]
[White "Van Osch, Mees"]
[Black "Bollen, Guus"]
[Result "1/2-1/2"]
[WhiteElo "2200"]
[BlackElo "2011"]
[WhiteFideId "1035967"]
[BlackFideId "1027883"]
[EventDate "2014.07.22"]

1. e4 c5 2. Nf3 d6 3. d4 cxd4 4. Nxd4 Nf6 5. Nc3 a6 6. Bg5 Nbd7 7. f4 Qc7 8. Qe2
e5 9. Nf5 h6 10. Bxf6 Nxf6 11. O-O-O Be6 12. g4 g6 13. Ne3 exf4 14. Ned5 Bxd5
15. exd5+ Be7 16. Re1 Kf8 17. Qf3 Nd7 18. h4 Bf6 19. Qxf4 Bxc3 20. bxc3 Ne5 21.
Qf6 Kg8 22. Rxe5 dxe5 23. Bd3 Rd8 24. Rf1 Rh7 25. h5 Qd6 26. hxg6 Qxf6 27. Rxf6
fxg6 28. Bxg6 Rc7 29. Bf5 h5 30. gxh5 Rxc3 31. h6 Rc5 32. d6 Rc6 33. Be6+ Kh7
34. Bf5+ Kh8 35. Re6 Rcxd6 36. Rxe5 Rxh6 37. Re7 b6 38. Bd3 a5 39. Kb2 Rc8 40.
Kb3 Rc5 41. Rf7 Kg8 42. Rf3 Kg7 43. a3 Rf6 44. Re3 Kf7 1/2-1/2

[Event "Dutch Open 2014"]
[Site "Dieren NED"]
[Date "2014.07.25"]
[Round "4.19"]
[White "Struik, Tjapko"]
[Black "Evengroen, Henk-Jan"]
[Result "1-0"]
[WhiteElo "2292"]
[BlackElo "2095"]
[WhiteFideId "1011243"]
[BlackFideId "1019252"]
[EventDate "2014.07.22"]

1. d4 Nf6 2. c4 g6 3. Nc3 Bg7 4. e4 d6 5. Nf3 O-O 6. Be2 e5 7. O-O Nc6 8. d5 Ne7
9. Nd2 a5 10. Rb1 Nd7 11. a3 f5 12. b4 b6 13. Qc2 f4 14. Bg4 Rf6 15. f3 Kh8 16.
Kh1 Ba6 17. Rg1 h5 18. Bxd7 Qxd7 19. c5 bxc5 20. bxc5 c6 21. Na4 Qa7 22. Nb6 Rb8
23. cxd6 Rxd6 24. Nbc4 Rdd8 25. d6 Nc8 26. Rxb8 Qxb8 27. Bb2 Qb5 28. a4 Qc5 29.
Ba3 Qf2 30. Qc3 Bxc4 31. Nxc4 Qa7 32. Qxa5 Qxa5 33. Nxa5 Nxd6 34. Nxc6 Rc8 35.
Ne7 1-0

[Event "Dutch Open 2014"]
[Site "Dieren NED"]
[Date "2014.07.25"]
[Round "4.20"]
[White "Vos, Tjark"]
[Black "Mostertman, Milan"]
[Result "1/2-1/2"]
[BlackTitle "FM"]
[WhiteElo "2130"]
[BlackElo "2284"]
[WhiteFideId "1020870"]
[BlackFideId "1025848"]
[EventDate "2014.07.22"]

1. e4 e5 2. Nf3 Nc6 3. Bb5 a6 4. Ba4 Nf6 5. O-O Be7 6. Re1 b5 7. Bb3 d6 8. c3
O-O 9. h3 Nb8 10. d4 Nbd7 11. Nbd2 Bb7 12. Bc2 Re8 13. Nf1 Bf8 14. Ng3 g6 15. a4
c5 16. d5 c4 17. Bg5 h6 18. Be3 h5 19. Qd2 Nh7 20. Ra3 h4 21. Nf1 Bg7 22. Rea1
Rf8 23. Bg5 Nxg5 24. Qxg5 Qxg5 25. Nxg5 Nc5 26. Nf3 Bf6 27. Ne3 Rab8 28. Kf1 Bc8
29. axb5 axb5 30. Ra8 Bb7 31. R8a5 Ra8 32. Rxa8 Bxa8 33. Ra7 Bb7 34. Ke1 Rb8 35.
Ra5 Ba6 36. Kd1 Kg7 37. Nd2 Be7 38. b4 cxb3 39. Nxb3 Bd8 40. Nxc5 Bxa5 41. Nxa6
Rc8 42. Bd3 Rxc3 43. Bxb5 Rb3 44. Bc4 Rb2 45. Nc2 Rb1+ 46. Ke2 f5 47. Kf3 Kf6
48. Bd3 Rd1 49. Nab4 Bb6 50. Ne3 Rd2 51. exf5 gxf5 52. Bxf5 Bxe3 53. Kxe3 Rd4
54. Nc2 Rxd5 55. Be4 Rb5 56. f4 Rb3+ 57. Ke2 exf4 58. Bf3 Ke5 59. Ne1 Kd4 60.
Ba8 d5 61. Nf3+ Kc5 62. Nxh4 Rb8 63. Bxd5 Kxd5 64. Kf3 Ke5 65. Ng6+ Kf5 66. Ne7+
Kg5 67. h4+ Kxh4 68. Kxf4 Rb4+ 69. Kf3 Rb3+ 70. Kf4 Rb4+ 71. Kf3 Rb5 72. Nc6
Rf5+ 73. Ke4 Rf8 74. Nd4 Kg3 75. Ne2+ Kxg2 76. Nf4+ Kg3 77. Ne2+ Kg4 78. Nd4
Re8+ 79. Kd5 Kf4 80. Ne6+ Ke3 81. Ng7 Ra8 82. Nf5+ Kf4 83. Nd4 Rd8+ 84. Kc5 Ke4
85. Nc6 Rd1 86. Nb4 Rc1+ 87. Kd6 Rd1+ 88. Kc5 Rd8 89. Nc6 Rd5+ 90. Kc4 Rd1 91.
Kc5 Rd2 92. Nb4 Rd1 93. Nc6 Rh1 94. Kd6 Rh5 95. Ne7 Rh6+ 96. Kc5 Rh7 97. Nc6 Rd7
98. Nb4 Rd5+ 99. Nxd5 1/2-1/2

[Event "Dutch Open 2014"]
[Site "Dieren NED"]
[Date "2014.07.25"]
[Round "4.21"]
[White "Wilgenhof, Otto"]
[Black "Stolwijk, Colin"]
[Result "1-0"]
[WhiteElo "2217"]
[BlackElo "2075"]
[WhiteFideId "1002589"]
[BlackFideId "1033743"]
[EventDate "2014.07.22"]

1. d4 Nf6 2. Nf3 d5 3. c4 c6 4. e3 Bg4 5. Qb3 Qb6 6. Ne5 Bf5 7. Nc3 e6 8. c5 Qc7
9. Be2 Nbd7 10. f4 Be7 11. O-O O-O 12. g4 Nxe5 13. gxf5 Ned7 14. fxe6 fxe6 15.
e4 g6 16. e5 Ne8 17. Bg4 Ng7 18. Ne2 Nf5 19. Bxf5 gxf5 20. Qh3 Kh8 21. Be3 Rg8+
22. Kf2 Rg4 23. Rg1 Bh4+ 24. Kf3 Rag8 25. Bf2 Qd8 26. Bxh4 Rxh4 27. Rxg8+ Kxg8
28. Rg1+ Kh8 29. Qg3 Rg4 30. Qe1 Rxg1 31. Qxg1 Nf8 32. b4 a5 33. bxa5 Qxa5 34.
Qg5 Qa3+ 35. Kf2 Qa8 36. Qe7 Kg8 37. h4 Qc8 38. Qg5+ Kh8 39. Ng3 Qe8 40. h5 Qf7
41. Ke3 Qg7 42. h6 Qxg5 43. fxg5 Kg8 44. Nh5 Kf7 45. Nf6 Kg6 46. Kf4 Kf7 47. a4
Ng6+ 48. Kf3 Nf8 49. a5 Kg6 50. Ne8 Kxg5 51. Nd6 Nd7 52. Nxb7 Nb8 53. Nd8 Kxh6
54. Nxe6 Na6 55. Kf4 Kg6 56. Ng5 h6 57. Nf3 Nc7 58. Nh4+ Kf7 59. Nxf5 h5 60. Kg5
Ke6 61. Ng3 Nb5 62. a6 Kd7 63. Kxh5 Kc8 64. Nf5 Nc7 65. a7 1-0

[Event "Dutch Open 2014"]
[Site "Dieren NED"]
[Date "2014.07.25"]
[Round "4.22"]
[White "Warmerdam, Max"]
[Black "Den Hartog, Marijn"]
[Result "1/2-1/2"]
[WhiteElo "2207"]
[BlackElo "2006"]
[WhiteFideId "1048104"]
[BlackFideId "1046098"]
[EventDate "2014.07.22"]

1. e4 e5 2. Nf3 Nc6 3. Bb5 Nf6 4. O-O Nxe4 5. d4 Nd6 6. Bxc6 dxc6 7. dxe5 Nf5 8.
Qxd8+ Kxd8 9. Nc3 Bd7 10. h3 h6 11. b3 Kc8 12. Bb2 Ne7 13. Ne1 b6 14. Rd1 h5 15.
Nd3 Bf5 16. Rfe1 Ng6 17. Ne4 Be7 18. Ng3 Be6 19. f4 Nh4 20. Ne4 Ng6 21. Rf1 Nh4
22. Rde1 Bf5 23. g3 Bxh3 24. gxh4 Bxf1 25. Rxf1 Bxh4 26. f5 Kb7 27. f6 gxf6 28.
exf6 Rhg8+ 29. Kh2 Rg4 30. Rf4 Re8 31. Rxg4 hxg4 32. Ne5 Re6 33. Kg2 Bxf6 34.
Nxf6 Rxf6 35. Nxg4 Rd6 36. Ne3 Rd2+ 37. Kf3 Rh2 38. Ke4 Rh4+ 39. Kf3 Rh3+ 40.
Ke4 Rh4+ 41. Kf3 c5 42. Be5 Kc6 43. Bg3 Rh1 44. Be5 b5 45. Ke4 Re1 46. Bc3 Re2
47. Kf3 Rh2 48. Ke4 Rh3 49. Be5 Rh1 50. Bc3 Kd7 51. Be5 c6 52. a3 Ke6 53. Bb8 a6
54. Ba7 Rh5 55. Bb6 Re5+ 56. Kf4 Rh5 57. Ke4 f6 58. Kf4 Kd6 59. Bd8 Rh4+ 60. Kf3
Ke6 61. Bb6 Rh5 62. Kf4 Rg5 63. Ke4 Re5+ 64. Kf3 Kd6 65. Bd8 Re8 66. Bxf6 Rf8
67. Ng4 Ke6 68. Ke4 Rxf6 69. Nxf6 Kxf6 70. c4 Ke6 71. Kf4 Kf6 72. Ke4 1/2-1/2

[Event "Dutch Open 2014"]
[Site "Dieren NED"]
[Date "2014.07.25"]
[Round "4.23"]
[White "Sparenberg, Erik"]
[Black "Ypma, Peter"]
[Result "0-1"]
[WhiteElo "2119"]
[BlackElo "2203"]
[WhiteFideId "1013262"]
[BlackFideId "1027255"]
[EventDate "2014.07.22"]

1. e4 e5 2. Nf3 Nc6 3. Bb5 Nd4 4. Nxd4 exd4 5. O-O g6 6. c4 Bg7 7. d3 Ne7 8. f4
c6 9. Ba4 d6 10. g4 f5 11. gxf5 gxf5 12. Qh5+ Kd7 13. Nd2 Kc7 14. b4 fxe4 15.
dxe4 d3 16. Rb1 d5 17. cxd5 cxd5 18. Bb2 Bxb2 19. Rxb2 Qd6 20. Rc1+ Kd8 21. e5
Qg6+ 22. Qxg6 Nxg6 23. Rf1 Rf8 24. Rb3 Rxf4 25. Rxd3 Rxb4 26. Rxd5+ Ke7 27. Bb3
Nf4 28. Rc5 Bd7 29. Rc4 Rxc4 30. Bxc4 Rf8 31. Rf3 b5 32. Bf1 a5 33. Nb3 a4 34.
Nc5 Nh3+ 35. Rxh3 Rxf1+ 36. Kxf1 Bxh3+ 37. Ke2 Be6 38. Nxe6 Kxe6 39. Kd3 Kxe5
40. Kc3 Kd5 41. Kb4 Kc6 42. h4 h5 43. Kc3 Kc5 44. a3 Kd5 45. Kb4 Kc6 46. Kc3 Kc5
47. Kd3 Kd5 48. Kc3 Ke4 49. Kb4 Kf4 50. Kxb5 Kg4 51. Kxa4 Kxh4 52. Kb5 Kg3 53.
a4 h4 54. a5 h3 55. Kb6 h2 56. a6 h1=Q 57. Ka7 Qc6 0-1

[Event "Dutch Open 2014"]
[Site "Dieren NED"]
[Date "2014.07.25"]
[Round "4.24"]
[White "Schoppen, Casper"]
[Black "Maris, Ivo"]
[Result "0-1"]
[WhiteElo "1938"]
[BlackElo "2178"]
[WhiteFideId "1046730"]
[BlackFideId "1028146"]
[EventDate "2014.07.22"]

1. d4 Nf6 2. Nf3 e6 3. c4 Bb4+ 4. Bd2 Qe7 5. g3 Nc6 6. Bg2 Bxd2+ 7. Qxd2 Ne4 8.
Qc2 Qb4+ 9. Nc3 Nxc3 10. Qxc3 Qxc3+ 11. bxc3 d6 12. c5 dxc5 13. dxc5 e5 14. Nd2
Be6 15. a4 O-O-O 16. Ne4 h6 17. f3 Rd5 18. g4 Na5 19. Rb1 f5 20. gxf5 Bxf5 21.
Rb5 Nc6 22. Ng3 Bc2 23. Bh3+ Kb8 24. Be6 Rd1+ 25. Kf2 Rxh1 26. Nxh1 Bxa4 27. Rb2
Nd8 28. Bd5 Bd7 29. Ng3 Kc8 30. Ke3 Re8 31. Be4 Re6 32. Nf5 g5 33. Rd2 Nc6 34.
Kd3 Rf6 35. Ne3 Ne7 36. Rb2 b5 37. cxb6 Rxb6 38. Rxb6 cxb6 39. Nd5 Nxd5 40. Bxd5
Kc7 41. Ba2 Bf5+ 42. Kd2 Kd6 43. Kc1 a5 44. Kb2 e4 45. Kc1 Be6 46. Bb1 exf3 47.
exf3 Bd5 48. Kd2 Bxf3 49. Ke3 Bd5 50. Kd4 b5 51. Bd3 a4 52. c4 Bxc4 53. Bh7 a3
54. Kc3 Kc5 55. Bf5 b4+ 56. Kc2 Kd4 57. Bg6 b3+ 0-1

[Event "Dutch Open 2014"]
[Site "Dieren NED"]
[Date "2014.07.25"]
[Round "4.25"]
[White "Markus, John Raymond"]
[Black "Dijkhuis, Sven"]
[Result "1-0"]
[WhiteElo "2143"]
[BlackElo "1988"]
[WhiteFideId "1001213"]
[BlackFideId "1036556"]
[EventDate "2014.07.22"]

1. d4 Nf6 2. c4 c5 3. d5 e6 4. Nc3 exd5 5. cxd5 d6 6. e4 g6 7. f4 Bg7 8. Nf3 O-O
9. Be2 Re8 10. e5 dxe5 11. fxe5 Ng4 12. Bg5 Qb6 13. Qd2 Nxe5 14. O-O-O Bf5 15.
Nxe5 Bxe5 16. Rhe1 Nd7 17. g4 Bxc3 18. Qxc3 Be4 19. d6 Qb4 20. Be7 Qxc3+ 21.
bxc3 Bc6 22. g5 Kg7 23. Bg4 b6 24. Re3 h6 25. h4 h5 26. Bh3 Rab8 27. Rde1 f5 28.
gxf6+ Nxf6 29. Bxf6+ Kxf6 30. Rxe8 Bxe8 31. Re6+ Kg7 32. Re7+ Kf8 33. Rxa7 Rd8
34. d7 Bf7 35. Kb2 Ke7 36. Rb7 Be6 37. Bxe6 Kxe6 38. Rxb6+ Kxd7 39. Rxg6 Rb8+
40. Kc2 Ra8 41. Kb3 c4+ 42. Kb4 Rb8+ 43. Kxc4 Rf8 44. Kd5 Rf4 45. Rd6+ Kc7 46.
Rc6+ Kb7 47. Rc4 Rf2 48. a4 Kb6 49. Ke5 Ka5 50. Rf4 Rc2 51. Kf5 Rxc3 52. Kg5
Rg3+ 53. Kxh5 Rg8 54. Kh6 Rg1 55. h5 Rg2 56. Kh7 Rg1 57. h6 Rg3 58. Kh8 Rg6 59.
h7 Rg5 60. Rf8 Kxa4 61. Rg8 1-0

[Event "Dutch Open 2014"]
[Site "Dieren NED"]
[Date "2014.07.25"]
[Round "4.26"]
[White "Kathstede, Gerd"]
[Black "Tromp, Pieter"]
[Result "0-1"]
[WhiteElo "2082"]
[BlackElo "2127"]
[WhiteFideId "4662199"]
[BlackFideId "1026402"]
[EventDate "2014.07.22"]

1. e4 d5 2. exd5 Nf6 3. d4 Nxd5 4. c4 Nb6 5. Nc3 e5 6. Be3 exd4 7. Qxd4 Qxd4 8.
Bxd4 Nc6 9. Be3 Bb4 10. Bd2 Be6 11. b3 O-O-O 12. Nf3 Rhe8 13. Be2 Bxc4 14. bxc4
Nxc4 15. O-O-O Nxd2 16. Nxd2 Bxc3 17. Bb5 Bxd2+ 18. Rxd2 Rxd2 19. Kxd2 Re6 20.
Rc1 a6 21. Bd3 Rf6 22. Ke3 Ne5 23. Be2 Kd7 24. f4 Nc6 25. g3 Re6+ 26. Kd3 Nb4+
27. Kd2 Rd6+ 28. Ke3 Nxa2 29. Rb1 b5 30. Bg4+ Kc6 31. Rb2 Nc3 32. Rc2 b4 0-1

[Event "Dutch Open 2014"]
[Site "Dieren NED"]
[Date "2014.07.25"]
[Round "4.27"]
[White "Gouw, Carol-Peter"]
[Black "Bus, Tom"]
[Result "0-1"]
[WhiteElo "2110"]
[BlackElo "2108"]
[WhiteFideId "1007629"]
[BlackFideId "1014374"]
[EventDate "2014.07.22"]

1. c4 c5 2. Nf3 Nf6 3. d4 cxd4 4. Nxd4 b6 5. Nc3 Bb7 6. e4 Nxe4 7. Nxe4 Bxe4 8.
Qg4 Bb7 9. Be2 h5 10. Qh3 g6 11. O-O Bg7 12. Be3 Nc6 13. Rad1 Qc8 14. f4 d6 15.
Qxc8+ Rxc8 16. Bf3 Nxd4 17. Bxd4 Bxd4+ 18. Rxd4 Bxf3 19. Rxf3 f5 20. Re3 Kf7 21.
b3 Rhd8 22. h3 Kf6 23. Red3 Rg8 24. h4 Rc6 25. Rd2 Rgc8 26. a4 Rc5 27. R4d3 R8c6
28. Kf2 a6 29. Kf3 b5 30. cxb5 axb5 31. b4 Rc4 32. axb5 Rb6 33. Rd4 Rxd4 34.
Rxd4 Rxb5 35. Ke3 Rb6 36. Kd3 e5 37. fxe5+ dxe5 38. Rc4 Ke6 39. Kc3 Kd6 40. Rc8
Rc6+ 0-1